000 00674nam a2200193Ia 4500
003 GCL
008 140319s9999 xx 000 0 ara d
020 _a0396249960
040 _aGCL /
_cGCL
082 0 4 _a915.311
_bف ر
100 1 _aعبدالعزيز بن صالح الهلابى
245 1 0 _aالرياض المدينة من بداياتها حتى الخمسينات /
_cعبدالعزيز بن صالح الهلابى
250 _aالاولى
260 _aالرياض :
_bمكتبة الملك فهد الوطنية
300 _a561 ص ؛
_c24 سم
650 0 4 _aالرياض- وصف ورحلات
650 0 4 _aالرياض - تاريخ
942 _2ddc
_cBK
999 _c7023
_d7023